La compra de Luisiana y las ideas sobre la expansión territorial de Estados Unidos /
Análisis de las actitudes ambivalentes de la sociedad estadounidense sobre el crecimiento territorial de su nación y de las expresiones a favor y en contra de dicho proceso de expansión en 1803, cuando amplios sectores de la sociedad aplaudieron la diplomacia y las políticas conducidas por el gobier...
Сохранить в:
| Главный автор: | |
|---|---|
| Формат: | |
| Язык: | испанский |
| Опубликовано: |
México :
CIDE : Miguel Angel Porrúa,
1996, c1996
|
| Предметы: | |
| Метки: |
Нет меток, Требуется 1-ая метка записи!
|
MARC
| LEADER | 00000nam^a2200000^a^4500 | ||
|---|---|---|---|
| 001 | 000158578 | ||
| 005 | 20250521000000.0 | ||
| 009 | 20260310100617.359 | ||
| 020 | |a 968-842-588-5 | ||
| 037 | |a Acervo ITESO - Biblioteca | ||
| 041 | |a ESP | ||
| 082 | |a 973. 046 |b ARR | ||
| 100 | |a Arriaga Weiss, Víctor Adolfo |e (autor) | ||
| 245 | 1 | 3 | |a La compra de Luisiana y las ideas sobre la expansión territorial de Estados Unidos / |c V.A. Arriaga Weiss. |
| 264 | 4 | |a México : |b CIDE : |b Miguel Angel Porrúa, |c 1996, c1996 | |
| 300 | |a 181 p. | ||
| 336 | |a texto |b txt |2 rdacontenido | ||
| 337 | |a sin mediación |b n |2 rdamedio | ||
| 338 | |a volumen |b nc |2 rdasoporte | ||
| 520 | |a Análisis de las actitudes ambivalentes de la sociedad estadounidense sobre el crecimiento territorial de su nación y de las expresiones a favor y en contra de dicho proceso de expansión en 1803, cuando amplios sectores de la sociedad aplaudieron la diplomacia y las políticas conducidas por el gobierno de Thomas Jefferson que condujeron a la adición de Luisiana al territorio nacional de Estados Unidos. | ||
| 649 | |a XX | ||
| 650 | |a Expansionismo - |z EUA - |x Historia - |x Tema Principal | ||
| 650 | |a Territorio Nacional - |z EUA - |x Historia | ||
| 650 | |a Diplomacia - |z EUA - |x Historia | ||
| 650 | |a Política Exterior - |z EUA - |x Historia | ||
| 650 | |a Opinión Pública - |z EUA - |x Historia | ||
| 650 | |a Partidos Políticos - |z EUA - |x Historia | ||
| 650 | |a República - |z EUA - |x Historia | ||
| 650 | |a Economía - |z EUA - |x Historia | ||
| 650 | |a Política - |z EUA - |x Historia | ||
| 650 | |a Luisiana, EUA - |x Historia - |y Período Constitucional, 1789-1809 - |x Tema Principal | ||
| 650 | |a Luisiana, EUA - |x Historia - |y Siglo XIX | ||
| 910 | |a Fondo General | ||
| 920 | |a Impresos - Libros | ||
| 930 | |a Colección General | ||
| 905 | |a 101 | ||
| 901 | |a 0500090380 |b IT1 |c ACC |u 20250521 | ||
| 902 | |a https://opac.biblio.iteso.mx/vufind/Record/000158578 | ||